Jidu jiao yu jin dai Zhongguo wen hua lun wen ji {ch} / (Record no. 28177)
[ view plain ]
| 000 -LEADER | |
|---|---|
| fixed length control field | 00979nam a2200241 4500 |
| 008 - FIXED-LENGTH DATA ELEMENTS--GENERAL INFORMATION | |
| fixed length control field | 061114m19891993ch a b 000 0 chi |
| 020 ## - INTERNATIONAL STANDARD BOOK NUMBER | |
| International Standard Book Number | 9577270174 (v.2) :NT 200/Php256 |
| 090 ## - LOCALLY ASSIGNED LC-TYPE CALL NUMBER (OCLC); LOCAL CALL NUMBER (OCLC) | |
| Classification number (OCLC) (R) ; Classification number, CALL (RLIN) (NR) | DS721 |
| Local cutter number (OCLC) ; Book number/undivided call number, CALL (RLIN) | L61j |
| 100 1# - MAIN ENTRY--PERSONAL NAME | |
| Personal name | Li, Zhigang. |
| 245 10 - TITLE STATEMENT | |
| Title | Jidu jiao yu jin dai Zhongguo wen hua lun wen ji {ch} / |
| Statement of responsibility, etc | Li Zhigang zhu. |
| 260 ## - PUBLICATION, DISTRIBUTION, ETC. (IMPRINT) | |
| Place of publication, distribution, etc | Taibei Shi : |
| Name of publisher, distributor, etc | Yu zhou guang chu ban she, |
| Date of publication, distribution, etc | 1989-1993. |
| 300 ## - PHYSICAL DESCRIPTION | |
| Extent | 2 v. (293, 321 p.) : |
| Other physical details | ill ; |
| Dimensions | 22 cm. |
| 490 1# - SERIES STATEMENT | |
| Series statement | Xue shu cong shu. |
| 500 ## - GENERAL NOTE | |
| General note | On cover of v.2: Yu zhou guang chuang she 20 zhou nian ji nian lun wen ji. |
| 504 ## - BIBLIOGRAPHY, ETC. NOTE | |
| Bibliography, etc | Includes bibliographical references. |
| 650 #4 - SUBJECT ADDED ENTRY--TOPICAL TERM | |
| Topical term or geographic name as entry element | Christianity and culture |
| Geographic subdivision | China {ch}. |
| 650 #4 - SUBJECT ADDED ENTRY--TOPICAL TERM | |
| Topical term or geographic name as entry element | Christianity |
| General subdivision | Influence {ch}. |
| 650 #4 - SUBJECT ADDED ENTRY--TOPICAL TERM | |
| Topical term or geographic name as entry element | Missions |
| Geographic subdivision | China |
| General subdivision | History {ch}. |
| 651 #4 - SUBJECT ADDED ENTRY--GEOGRAPHIC NAME | |
| Geographic name | China |
| General subdivision | Church history {ch}. |
| 651 #4 - SUBJECT ADDED ENTRY--GEOGRAPHIC NAME | |
| Geographic name | China |
| General subdivision | Civilization {ch}. |
| 951 ## - EQUIVALENCE OR CROSS-REFERENCE-GEOGRAPHIC NAME/AREA NAME [OBSOLETE] [CAN/MARC only] | |
| General subdivision | 00034021 |
| 740 02 - ADDED ENTRY--UNCONTROLLED RELATED/ANALYTICAL TITLE | |
| Uncontrolled related/analytical title | [Christianity and modern Chinese culture]. |
| 951 ## - EQUIVALENCE OR CROSS-REFERENCE-GEOGRAPHIC NAME/AREA NAME [OBSOLETE] [CAN/MARC only] | |
| -- | C-7965 |
| -- | DS721/L61j-II |
| -- | 070613111621250 |
| -- | 2000-12-21 |
| -- | SP-C CH |
| Withdrawn status | Lost status | Damaged status | Not for loan | Home library | Current library | Shelving location | Date acquired | Accession number | Shelving control number | Total Checkouts | Full call number | Barcode | Date last seen | Price effective from | Koha item type |
|---|---|---|---|---|---|---|---|---|---|---|---|---|---|---|---|
| BSOP Library | BSOP Library | Special Collections Chinese | 12/21/2000 | C-7965 | 127 | DS721/L61j-II | 00034021 | 02/23/2013 | 02/23/2013 | Books |
